Kanye West - Graduation: Sudden Death - Statistics

General Stats
  • This quiz has been taken 282 times
  • The average score is 11 of 14
Answers on the Grid
Answers color-coded by a green-red scale on the quiz's grid according to % correct below.
Champion
Spaceship
Drunk and Hot Girls
Good Night
No More Parties In LA
Barry Bonds
Good Morning
Hey Mama
Homecoming
I Wonder
We Don't Care
Wouldn't Leave
Can't Tell Me Nothing
Blame Game
The Glory
Stronger
Highlights
Good Life
So Appalled
Drive Slow
Flashing Lights
Everything I Am
Runaway
Big Brother
 
Answer Stats
Answer % Correct
Champion
91%
Good Morning
89%
Homecoming
89%
Flashing Lights
87%
I Wonder
87%
Can't Tell Me Nothing
86%
Stronger
84%
Everything I Am
82%
Good Life
80%
Good Night
78%
Barry Bonds
77%
Drunk and Hot Girls
75%
Big Brother
72%
The Glory
68%
No matching quizzes found
Score Distribution
Percent of People with Each Score
Percentile by Number Answered
Your Score History
You have not taken this quiz